000 00799cad a22002055a 4500
001 E146808
008 090302e20090212xxk f v 000 0 eng d
035 _a(Sirsi) u146808
041 0 _aeng
100 1 _aCornthwaite, Jonathan
245 0 0 _aEmail footers
_bthe law
_h[electronic resource]
260 _c2009
520 _aSets out the type of information which companies need to include in their email footers, as required by The Companies (Trading Disclosures) Regulations 2008
590 _aKA
650 2 4 _aCOMPANIES (TRADING DISCLOSURES) REGULATIONS 2008
651 4 _aUnited Kingdom
_y
690 _aMANAGEMENT-BUSINESS MANAGEMENT
856 4 0 _uhttps://www.mondaq.com/article.asp?article_id=74308
_zView the article free of charge (after registration) at www.mondaq.com...
942 _n0
999 _c81295
_d81295